Three musketeers (Record no. 208716)

MARC details
000 -LEADER
fixed length control field 00249nam a2200109Ia 4500
008 - FIXED-LENGTH DATA ELEMENTS--GENERAL INFORMATION
fixed length control field 230917s9999||||xx |||||||||||||| ||und||
040 ## - CATALOGING SOURCE
-- 192216
Original cataloging agency VIVEKANANDA LIBRARY
041 ## - Language
-- English
100 ## - MAIN ENTRY--PERSONAL NAME
Personal name Kapoor, Jainarain
245 #0 - TITLE STATEMENT
Title Three musketeers
942 ## - ADDED ENTRY ELEMENTS (KOHA)
Koha item type Books
Holdings
Withdrawn status Lost status Damaged status Not for loan Location (home branch) Sublocation or collection (holding branch) Date acquired Koha issues (times borrowed) Accession No. Koha date last seen Koha item type
        VIVEKANANDA LIBRARY VIVEKANANDA LIBRARY 24/10/2011   7072 17/09/2023 Books
© Designed and Maintained by Vivekananda Library, MDU Rohtak